| 000 | 00951nam a22003257a 4500 | ||
|---|---|---|---|
| 999 |
_c8080 _d8080 |
||
| 001 | 21577 | ||
| 003 | BD-DhUAP | ||
| 005 | 20220622122147.0 | ||
| 008 | 220616b20152016ch ||||| |||| 00| 0 eng d | ||
| 010 | _a 2015010118 | ||
| 020 | _a9780143426127 | ||
| 040 |
_aBD-DhUAP _beng _cBD-DhUAP _eBD-DhUAP _dBD-DhUAP |
||
| 042 | _apcc | ||
| 043 | _aa-ii--- | ||
| 050 | 0 | 0 |
_aPR9499.3.G536 _bF58 2015 |
| 082 | 0 | 0 |
_a823.914 GHO _223 |
| 100 | 1 |
_aGhosh, Amitav, _d1956- |
|
| 245 | 1 | 0 |
_aFlood of fire : _bA monumental work / _cAmitav Ghosh. |
| 264 | 1 |
_aNew Delhi : _bPenguin Books _c2016. |
|
| 300 |
_a616 pages : _bmaps ; _c24 cm. |
||
| 337 | _2rdamedia | ||
| 650 | 0 |
_aSoldiers _vFiction. |
|
| 650 | 0 |
_aVoyages and travels _vFiction. |
|
| 650 | 7 | _aFICTION / Literary. | |
| 651 | 0 |
_aIndia _xHIstory _y19th century _vFiction. |
|
| 655 | 7 | _aHistorical fiction. | |
| 856 | 4 | 2 | _3Cover image |
| 906 |
_a7 _bcbc _corignew _d1 _eecip _f20 _gy-gencatlg |
||
| 942 |
_2ddc _cBK |
||